[Event "Warsaw Najdorf Memorial op-A 22nd"]
[Site "Warsaw"]
[Date "2025.07.14"]
[Round "7"]
[White "O'Cuilleanain, Oisin"]
[Black "Mickiewicz, Piotr"]
[Result "0-1"]
[WhiteElo "2086"]
[BlackElo "2224"]
[PlyCount "79"]
[EventDate "2025.07.08"]
[EventType "swiss"]
[EventRounds "9"]
[EventCountry "POL"]
[SourceTitle "CB29_2025"]
[SourceDate "2025.07.16"]
[SourceVersion "1"]
[SourceVersionDate "2025.07.16"]
[SourceQuality "1"]

1. e4 c5 2. Nf3 d6 3. d4 cxd4 4. Nxd4 Nf6 5. Nc3 Nc6 6. Bc4 Na5 7. Be2 e6 8. Be3 a6 9. g4 Qc7 10. g5 Nd7 11. f4 b5 12. 0-0 b4 13. Na4 Bb7 14. f5 exf5 15. Nxf5 Nc4 16. Bd4 Nce5 17. c3 g6 18. Nh6 Bxh6 19. gxh6 0-0 20. cxb4 Bxe4 21. Nc3 Bb7 22. b5 axb5 23. Bxb5 Qd8 24. Qd2 Qh4 25. Qf4 Qxf4 26. Rxf4 Nc5 27. Be3 Ne6 28. Rb4 f5 29. Ne2 Nf3+ 30. Kf2 Nxh2 31. Kg3 Ng4 32. Bd2 Nf6 33. Bc4 Bd5 34. Bxd5 Nxd5 35. Rb5 Nc5 36. Nf4 Nc7 37. Rb6 Ne4+ 38. Kg2 Nxd2 39. Rc1 Ne8 40. Rd1 0-1

[Event "Warsaw Najdorf Memorial op-A 22nd"]
[Site "Warsaw"]
[Date "2025.07.13"]
[Round "6"]
[White "Mickiewicz, Piotr"]
[Black "Endeladze, Ramaz"]
[Result "0-1"]
[WhiteElo "2224"]
[BlackElo "2008"]
[PlyCount "78"]
[EventDate "2025.07.08"]
[EventType "swiss"]
[EventRounds "9"]
[EventCountry "POL"]
[SourceTitle "CB29_2025"]
[SourceDate "2025.07.16"]
[SourceVersion "1"]
[SourceVersionDate "2025.07.16"]
[SourceQuality "1"]

1. e4 g6 2. d4 Bg7 3. Nc3 d6 4. Be3 Nd7 5. Qd2 c6 6. Nf3 a5 7. 0-0-0 Qc7 8. h4 h5 9. Ng5 b5 10. e5 dxe5 11. d5 Bb7 12. dxc6 Bxc6 13. Nxb5 Qb7 14. Bc4 Nh6 15. a4 0-0 16. Ne6 Nf5 17. Nxf8 Rxf8 18. Kb1 Nxe3 19. Qxe3 Nb6 20. Qb3 Nxc4 21. Qxc4 Rc8 22. Qb3 Be4 23. Rd2 Bh6 24. Re2 Bxg2 25. Rg1 Bf4 26. Rge1 Bf3 27. Rxe5 Bxe5 28. Rxe5 Be4 29. Ka1 Bxc2 30. Qd5 Qxd5 31. Rxd5 Bb3 32. Nc3 Bxd5 33. Nxd5 Rc4 34. b3 Rxh4 35. Kb2 Re4 36. b4 axb4 37. Kb3 h4 38. f3 Re5 39. Nf4 Rf5 0-1

[Event "Warsaw Maciei Memorial"]
[Site "Warsaw"]
[Date "2025.07.07"]
[Round "3"]
[White "Brudzynski, Wojciech"]
[Black "Mickiewicz, Piotr"]
[Result "1-0"]
[WhiteElo "1914"]
[BlackElo "2224"]
[PlyCount "83"]
[EventDate "2025.07.07"]
[EventType "swiss (blitz)"]
[EventRounds "11"]
[EventCountry "POL"]
[SourceTitle "CB28_2025"]
[SourceDate "2025.07.09"]
[SourceVersion "1"]
[SourceVersionDate "2025.07.09"]
[SourceQuality "1"]

1. d4 Nf6 2. c4 e6 3. Nc3 Bb4 4. e3 0-0 5. Nge2 d5 6. a3 Be7 7. cxd5 exd5 8. Ng3 Re8 9. Bd3 c6 10. Qc2 Bf8 11. 0-0 Nbd7 12. b4 a6 13. Rb1 h5 14. Re1 h4 15. Nf1 h3 16. g3 Nb6 17. a4 Bg4 18. a5 Nc4 19. Na4 Qe7 20. Nc5 Nd6 21. Nd2 g6 22. Bb2 Bg7 23. f3 Bc8 24. e4 dxe4 25. fxe4 Ng4 26. Nf3 Nb5 27. Bc4 Be6 28. Bxe6 fxe6 29. Qb3 Rad8 30. Rbd1 Qf6 31. Rf1 Qe7 32. e5 Bh6 33. Ne4 Kg7 34. Rde1 Ne3 35. Rxe3 Bxe3+ 36. Qxe3 Nc7 37. Bc1 Rh8 38. Qg5 Qxg5 39. Bxg5 Rdf8 40. Bf6+ Kh7 41. Bxh8 Rxh8 42. Nfg5+ 1-0

[Event "Kiel op"]
[Site "Kiel"]
[Date "2025.07.06"]
[Round "9"]
[White "Mickiewicz, Piotr"]
[Black "Velavaa, Ragavesh"]
[Result "1-0"]
[WhiteElo "2224"]
[BlackElo "2150"]
[PlyCount "69"]
[EventDate "2025.06.30"]
[EventType "swiss"]
[EventRounds "9"]
[EventCountry "GER"]
[SourceTitle "CB28_2025"]
[SourceDate "2025.07.09"]
[SourceVersion "1"]
[SourceVersionDate "2025.07.09"]
[SourceQuality "1"]

1. e4 c5 2. Nf3 a6 3. c3 e6 4. d4 d5 5. e5 Bd7 6. h4 Nc6 7. a3 f6 8. Bd3 Qb6 9. 0-0 0-0-0 10. dxc5 Bxc5 11. b4 Be7 12. Bf4 h6 13. h5 Be8 14. Qe2 f5 15. Be3 Qc7 16. Nd4 Qxe5 17. Bxa6 Nxd4 18. cxd4 Qd6 19. Bd3 Nf6 20. Nc3 Nxh5 21. Bb5 Bf7 22. Na4 g5 23. Rfc1+ Kb8 24. Nc5 f4 25. Nxb7 Kxb7 26. Bc6+ Kc7 27. Bxd5+ Kb6 28. Rc6+ Qxc6 29. Bxc6 Kxc6 30. Rc1+ Kb6 31. d5+ fxe3 32. Rc6+ Ka7 33. Qa6+ Kb8 34. Qb5+ Ka7 35. Ra6# 1-0

[Event "Kiel op"]
[Site "Kiel"]
[Date "2025.07.05"]
[Round "8"]
[White "Mickiewicz, Piotr"]
[Black "Futyma, Dawid"]
[Result "0-1"]
[WhiteElo "2224"]
[BlackElo "2040"]
[PlyCount "106"]
[EventDate "2025.06.30"]
[EventType "swiss"]
[EventRounds "9"]
[EventCountry "GER"]
[SourceTitle "CB28_2025"]
[SourceDate "2025.07.09"]
[SourceVersion "1"]
[SourceVersionDate "2025.07.09"]
[SourceQuality "1"]

1. c4 c6 2. Nf3 d5 3. b3 Nf6 4. Bb2 Bf5 5. Nh4 Bg4 6. h3 Bh5 7. g4 Bg6 8. Nxg6 hxg6 9. Bg2 e6 10. d3 Nbd7 11. Nd2 Qc7 12. Qc2 a5 13. a3 Bd6 14. g5 Nh5 15. e3 Rc8 16. h4 b5 17. cxb5 cxb5 18. Qxc7 Rxc7 19. Ke2 Ke7 20. Rhc1 Rhc8 21. Rxc7 Rxc7 22. Rc1 Rxc1 23. Bxc1 d4 24. Bc6 dxe3 25. fxe3 b4 26. Bxd7 Kxd7 27. a4 Ng3+ 28. Kf2 Nf5 29. Nf3 f6 30. e4 Bc5+ 31. Kf1 Nd4 32. Nd2 e5 33. Bb2 Kc6 34. Bxd4 Bxd4 35. Nc4 Bb6 36. Ke2 Bd8 37. d4 exd4 38. Kd3 Kc5 39. Nd2 fxg5 40. hxg5 Bxg5 41. Nf3 Be3 42. Ne5 g5 43. Nc4 g4 44. Ke2 g5 45. Nxa5 g3 46. Kf3 d3 47. Nc4 Bf4 48. e5 d2 49. Nb2 Bxe5 50. Nd1 Kd4 51. Ke2 g2 52. Kf2 Kd3 53. a5 Bd4+ 0-1

[Event "Kiel op"]
[Site "Kiel"]
[Date "2025.07.03"]
[Round "5"]
[White "Bilenkiy, Maksym"]
[Black "Mickiewicz, Piotr"]
[Result "0-1"]
[WhiteElo "2022"]
[BlackElo "2224"]
[PlyCount "53"]
[EventDate "2025.06.30"]
[EventType "swiss"]
[EventRounds "9"]
[EventCountry "GER"]
[SourceTitle "CB28_2025"]
[SourceDate "2025.07.09"]
[SourceVersion "1"]
[SourceVersionDate "2025.07.09"]
[SourceQuality "1"]

1. d4 Nf6 2. c4 d6 3. Bg5 c5 4. Nc3 cxd4 5. Qxd4 Nc6 6. Qd2 e6 7. Nf3 Be7 8. Bxf6 Bxf6 9. e3 0-0 10. Bd3 Qa5 11. 0-0 Bxc3 12. bxc3 e5 13. Be4 Be6 14. Ng5 Bxc4 15. Bxh7+ Kh8 16. Bd3 Qd5 17. Rad1 g6 18. Bxc4 Qxc4 19. f4 f6 20. Nf3 Rad8 21. f5 gxf5 22. Qf2 Ne7 23. Rb1 b6 24. h3 Rf7 25. Rb4 Qxc3 26. Ra4 a6 27. Qe2 0-1

[Event "POL-chT 1st League"]
[Site "Darlowo"]
[Date "2024.09.19"]
[Round "6.13"]
[White "Lewtak, Damian"]
[Black "Mickiewicz, Piotr"]
[Result "1/2-1/2"]
[WhiteElo "2356"]
[BlackElo "2232"]
[PlyCount "91"]
[EventDate "2024.09.14"]
[EventType "team-swiss"]
[EventRounds "9"]
[EventCountry "POL"]
[SourceTitle "EXT 2025"]
[Source "ChessBase"]
[SourceDate "2024.10.14"]
[SourceVersion "1"]
[SourceVersionDate "2024.10.14"]
[SourceQuality "1"]

1. e4 c5 2. Nf3 d6 3. Bb5+ Nd7 4. 0-0 a6 5. Be2 Ngf6 6. d3 e6 7. c4 Be7 8. Nc3 0-0 9. a4 b6 10. Ne1 Ne5 11. Nc2 Bb7 12. f4 Nc6 13. Bf3 Nd7 14. g4 Nd4 15. Be3 Bf6 16. g5 Nxc2 17. Qxc2 Bd4 18. Qf2 f6 19. g6 hxg6 20. Bxd4 cxd4 21. Qxd4 Nc5 22. Qe3 e5 23. f5 Nb3 24. Rad1 Kf7 25. fxg6+ Kxg6 26. Bg4 Kf7 27. Ne2 Qc7 28. Bh5+ Ke7 29. d4 Nxd4 30. Nxd4 exd4 31. Rxd4 Qc5 32. Rf5 Qc7 33. Qg3 Rg8 34. Bg6 Rh8 35. b4 Rad8 36. Bh5 Kf8 37. c5 bxc5 38. Rxc5 Qe7 39. Ra5 d5 40. Bg6 dxe4 41. Re5 Rxd4 42. Rxe7 Rd1+ 43. Kf2 Kxe7 44. Qc7+ Rd7 45. Qc5+ Kd8 46. Qb6+ 1/2-1/2

[Event "POL-chT 1st League"]
[Site "Darlowo"]
[Date "2024.09.16"]
[Round "3.19"]
[White "Mickiewicz, Piotr"]
[Black "Paprocki, Antoni"]
[Result "1-0"]
[WhiteElo "2232"]
[BlackElo "2232"]
[PlyCount "71"]
[EventDate "2024.09.14"]
[EventType "team-swiss"]
[EventRounds "9"]
[EventCountry "POL"]
[SourceTitle "EXT 2025"]
[Source "ChessBase"]
[SourceDate "2024.10.14"]
[SourceVersion "1"]
[SourceVersionDate "2024.10.14"]
[SourceQuality "1"]

1. Nf3 d5 2. g3 Nf6 3. Bg2 Bg4 4. h3 Bh5 5. c4 c6 6. cxd5 cxd5 7. Nc3 Nc6 8. Qb3 Qd7 9. g4 Bg6 10. g5 d4 11. Na4 Na5 12. Qd1 Nd5 13. Ne5 Qd6 14. Nxg6 hxg6 15. d3 b5 16. Bd2 bxa4 17. Bxa5 e6 18. Qxa4+ Qd7 19. Qxd4 Qb5 20. Bc3 Rd8 21. a4 Qb8 22. a5 Nb4 23. Qg4 Qb5 24. 0-0 Rh5 25. h4 Bd6 26. Bxg7 Nd5 27. Qa4 Qxa4 28. Rxa4 Nb4 29. Rxb4 Bxb4 30. Bc6+ Rd7 31. Bf6 Rxh4 32. Rc1 Bd2 33. Rc5 Rb4 34. Bb5 Rxb5 35. Rc8+ Rd8 36. Rxd8# 1-0

[Event "Titled Tuesday intern op 10th Sep Late"]
[Site "Chess,com INT"]
[Date "2024.09.10"]
[Round "9"]
[White "Mickiewicz, Piotr"]
[Black "Dubnevych, Maksym"]
[Result "1-0"]
[WhiteElo "2232"]
[BlackElo "2267"]
[PlyCount "91"]
[EventDate "2024.09.10"]
[EventType "swiss (blitz)"]
[EventRounds "11"]
[EventCountry "USA"]
[SourceTitle "EXT 2025"]
[Source "ChessBase"]
[SourceDate "2024.10.14"]
[SourceVersion "1"]
[SourceVersionDate "2024.10.14"]
[SourceQuality "1"]

1. Nf3 Nf6 2. g3 d5 3. b3 Bg4 4. Bb2 Bxf3 5. exf3 e6 6. Bg2 Be7 7. f4 0-0 8. 0-0 c5 9. d3 Nc6 10. Nd2 Qc7 11. Nf3 Rad8 12. Qe2 d4 13. Ne5 Nd5 14. h4 Ncb4 15. a4 Bf6 16. Ng4 Be7 17. h5 h6 18. Ne5 Bd6 19. Rae1 Qe7 20. Qg4 Qf6 21. Re2 a6 22. Nc4 Bb8 23. a5 Bc7 24. Be4 Nc6 25. Qf3 Nxa5 26. Bxd5 Rxd5 27. Bc1 Nc6 28. Kg2 b5 29. Nd2 Qd8 30. Ne4 f5 31. Nd2 e5 32. Nb1 Re8 33. Rfe1 c4 34. bxc4 bxc4 35. Na3 cxd3 36. cxd3 e4 37. dxe4 fxe4 38. Rxe4 Rxe4 39. Qxe4 d3 40. Nc4 Na5 41. Nd2 Nb7 42. Qe6+ Kh8 43. Bb2 Kh7 44. Qe4+ Kh8 45. Qg6 Rd7 46. Re8+ 1-0

[Event "Titled Tuesday intern op 10th Sep Late"]
[Site "Chess,com INT"]
[Date "2024.09.10"]
[Round "2"]
[White "Osmonbekov, Talaibek D"]
[Black "Mickiewicz, Piotr"]
[Result "0-1"]
[WhiteElo "2109"]
[BlackElo "2232"]
[PlyCount "66"]
[EventDate "2024.09.10"]
[EventType "swiss (blitz)"]
[EventRounds "11"]
[EventCountry "USA"]
[SourceTitle "EXT 2025"]
[Source "ChessBase"]
[SourceDate "2024.10.14"]
[SourceVersion "1"]
[SourceVersionDate "2024.10.14"]
[SourceQuality "1"]

1. d4 Nf6 2. Nc3 d5 3. Bf4 a6 4. e3 c5 5. Nf3 cxd4 6. exd4 Nc6 7. Ne5 Bd7 8. g3 Rc8 9. Bg2 e6 10. 0-0 Be7 11. a3 0-0 12. h4 Qb6 13. Nxc6 Bxc6 14. Rb1 Qa5 15. Ne2 Bb5 16. Re1 Ba4 17. Nc3 Bc6 18. Re3 Rfd8 19. h5 h6 20. g4 Nh7 21. Ne2 Ng5 22. c3 Bb5 23. Ng3 Bf6 24. Be5 Bxe5 25. Rxe5 Qa4 26. Qd2 Qc4 27. f4 Nh7 28. Bf1 Qc7 29. Bxb5 axb5 30. Qf2 Qe7 31. f5 Qh4 32. fxe6 fxe6 33. Rxe6 Ng5 0-1

[Event "Titled Tuesday intern op 10th Sep Late"]
[Site "Chess,com INT"]
[Date "2024.09.10"]
[Round "7"]
[White "Wu, Derek"]
[Black "Mickiewicz, Piotr"]
[Result "0-1"]
[WhiteElo "2232"]
[BlackElo "2232"]
[PlyCount "80"]
[EventDate "2024.09.10"]
[EventType "swiss (blitz)"]
[EventRounds "11"]
[EventCountry "USA"]
[SourceTitle "EXT 2025"]
[Source "ChessBase"]
[SourceDate "2024.10.14"]
[SourceVersion "1"]
[SourceVersionDate "2024.10.14"]
[SourceQuality "1"]

1. d4 Nf6 2. Nc3 d5 3. Bf4 c5 4. e3 cxd4 5. exd4 a6 6. Nf3 Nc6 7. Ne5 Bd7 8. g3 g6 9. Bg2 e6 10. 0-0 Bg7 11. Ne2 0-0 12. c3 Rc8 13. h4 Nxe5 14. Bxe5 Bb5 15. Re1 Nd7 16. Bxg7 Kxg7 17. Nf4 Qf6 18. a4 Bc6 19. Qg4 Qf5 20. Qe2 Qf6 21. Bf3 Rce8 22. Nd3 a5 23. Bg4 h6 24. f4 Qd8 25. h5 g5 26. Kh2 gxf4 27. gxf4 Qh4+ 28. Bh3 Kh8 29. Rg1 Rg8 30. Qf3 Rxg1 31. Rxg1 Rg8 32. Rxg8+ Kxg8 33. b3 Kf8 34. f5 e5 35. Qe3 e4 36. Qxh6+ Ke7 37. Nf4 Nf6 38. Ng2 Ng4+ 39. Kh1 Qxh3+ 40. Kg1 Nxh6 0-1

[Event "Polanica Zdroj op 60th"]
[Site "Polanica Zdroj"]
[Date "2024.08.24"]
[Round "8"]
[White "Li, Guohao"]
[Black "Mickiewicz, Piotr"]
[Result "1/2-1/2"]
[WhiteElo "2363"]
[BlackElo "2217"]
[PlyCount "295"]
[EventDate "2024.08.17"]
[EventType "swiss"]
[EventRounds "9"]
[EventCountry "POL"]
[SourceTitle "CBM 221 Extra"]
[Source "ChessBase"]
[SourceDate "2024.09.30"]
[SourceVersion "1"]
[SourceVersionDate "2024.09.30"]
[SourceQuality "1"]

1. Nf3 Nf6 2. c4 e6 3. d4 d5 4. Nc3 c6 5. e3 Nbd7 6. Qc2 Bd6 7. b3 Qe7 8. Bb2 0-0 9. Bd3 dxc4 10. bxc4 e5 11. 0-0 Re8 12. Nd2 Nf8 13. Rad1 exd4 14. exd4 Bg4 15. Rde1 Qxe1 16. Rxe1 Rxe1+ 17. Nf1 Rae8 18. f3 Bh5 19. Ne4 Nxe4 20. fxe4 Bb4 21. Bc3 Bxc3 22. Qxc3 Rd1 23. Kf2 Ne6 24. Ne3 Rh1 25. g4 Bg6 26. Kg2 Nf4+ 27. Kxh1 Nxd3 28. e5 c5 29. h3 cxd4 30. Qxd4 Nxe5 31. Nf5 Bxf5 32. gxf5 a5 33. Qd5 h6 34. Qb5 Re7 35. Qxa5 Nc6 36. Qb6 f6 37. a4 Kh7 38. a5 Re1+ 39. Kg2 Ra1 40. Qxb7 Ra2+ 41. Kf1 Nxa5 42. Qb5 Nxc4 43. Qxc4 Ra5 44. Qc2 Re5 45. Kf2 Re7 46. Kf3 Re5 47. Kg4 Re7 48. Qc4 Re5 49. Qf7 Re4+ 50. Kh5 Re5 51. Qg6+ Kg8 52. Kg4 Re4+ 53. Kf3 Re5 54. Kf4 Re7 55. Qg2 Kh7 56. Qd2 Re5 57. Qd7 Re1 58. Kf3 Re5 59. Kf2 Kg8 60. Qc8+ Kh7 61. Kf3 Re1 62. Kg4 Rg1+ 63. Kf3 Re1 64. Kg3 Re3+ 65. Kh4 Re7 66. Kh5 Re5 67. h4 Re7 68. Qc4 Re5 69. Qg4 Re7 70. Qg6+ Kg8 71. Qg2 Kh7 72. Qc6 Re5 73. Qd7 Re1 74. Qf7 Re5 75. Qg6+ Kg8 76. Qg2 Kh7 77. Kg4 Re7 78. Kf4 Re5 79. Qa8 Re1 80. Qb8 Re7 81. Qb6 Re5 82. Qb4 Re8 83. Kg4 Re5 84. Kh5 Re3 85. Qf8 Re1 86. Qf7 Re5 87. Qg6+ Kg8 88. Qg4 Kh7 89. Qd1 Re7 90. Qg1 Re5 91. Qg6+ Kg8 92. Kg4 Re4+ 93. Kf3 Re7 94. Qg2 Kh7 95. Qa2 Re5 96. Kf4 Re7 97. h5 Re5 98. Qa1 Re7 99. Qd4 Re1 100. Qd6 Rf1+ 101. Ke3 Re1+ 102. Kd2 Re5 103. Qd7 Kg8 104. Qc8+ Kh7 105. Kd3 Ra5 106. Kd4 Re5 107. Qb8 Ra5 108. Kc4 Re5 109. Qa8 Re1 110. Kd5 Re5+ 111. Kd6 Re1 112. Qc8 Re5 113. Qe6 Ra5 114. Qe8 Re5 115. Qc8 Re1 116. Qe6 Ra1 117. Qd5 Re1 118. Kd7 Re5 119. Qg2 Re3 120. Qg6+ Kg8 121. Qg1 Re5 122. Qb6 Kh7 123. Kd8 Re1 124. Qe6 Ra1 125. Qe3 Ra5 126. Kd7 Re5 127. Qg1 Re2 128. Qg6+ Kg8 129. Qg4 Re5 130. Qc4+ Kh7 131. Qe6 Ra5 132. Kd6 Ra6+ 133. Kc7 Ra5 134. Kc8 Ra8+ 135. Kc7 Ra5 136. Qe1 Re5 137. Qa1 Re3 138. Kd7 Re4 139. Qg1 Re2 140. Qg3 Re4 141. Qg6+ Kg8 142. Qg2 Re1 143. Qc6 Kh7 144. Qe6 Ra1 145. Qe8 Rd1+ 146. Kc6 Rc1+ 147. Kd5 Rd1+ 148. Kc4 1/2-1/2

[Event "Polanica Zdroj op 60th"]
[Site "Polanica Zdroj"]
[Date "2024.08.22"]
[Round "6"]
[White "Kazakouski, Valery"]
[Black "Mickiewicz, Piotr"]
[Result "1/2-1/2"]
[WhiteElo "2588"]
[BlackElo "2217"]
[PlyCount "140"]
[EventDate "2024.08.17"]
[EventType "swiss"]
[EventRounds "9"]
[EventCountry "POL"]
[SourceTitle "CBM 221 Extra"]
[Source "ChessBase"]
[SourceDate "2024.09.30"]
[SourceVersion "1"]
[SourceVersionDate "2024.09.30"]
[SourceQuality "1"]

1. e4 e6 2. d4 d5 3. Nc3 Nf6 4. Bg5 dxe4 5. Nxe4 Be7 6. Bxf6 gxf6 7. Nf3 f5 8. Nc3 a6 9. g3 b5 10. Bg2 Bb7 11. 0-0 Bf6 12. Qd3 0-0 13. a3 Nd7 14. Rad1 c5 15. Qe3 cxd4 16. Nxd4 Bxg2 17. Kxg2 Qc7 18. Nce2 Ne5 19. c3 Qb7+ 20. f3 Rfd8 21. b3 Rd7 22. Nc2 Rad8 23. Rxd7 Rxd7 24. Ncd4 a5 25. Kh3 a4 26. bxa4 bxa4 27. g4 fxg4+ 28. fxg4 Bg7 29. Ng3 Nc4 30. Qc1 Qd5 31. Nh5 Rb7 32. Ne2 Nd2 33. Nhf4 Qa2 34. Rd1 Rb2 35. Qa1 Qb3 36. Rg1 Ne4 37. Qf1 Bxc3 38. Kg2 Nd2 39. Qd1 Qb7+ 40. Kh3 Rb3 41. Nxc3 Rxc3+ 42. Rg3 Rxg3+ 43. hxg3 Qd7 44. Nh5 Qd3 45. Kg2 Qd5+ 46. Kh3 Qd3 47. Kg2 e5 48. g5 Qe4+ 49. Kh3 Qf5+ 50. g4 Qxg5 51. Qxa4 Qe3+ 52. Ng3 Kg7 53. Qb5 Qc3 54. Qb4 Qd3 55. Qe7 Qe3 56. g5 Kg8 57. Qd8+ Kg7 58. Qf6+ Kg8 59. Qd8+ Kg7 60. Qe7 e4 61. Qf6+ Kf8 62. Qd8+ Kg7 63. a4 Qc3 64. a5 e3 65. a6 e2 66. Qf6+ Qxf6 67. gxf6+ Kxf6 68. Nxe2 Nc4 69. a7 Nb6 70. Kg4 Ke5 1/2-1/2

[Event "Ustron op-A"]
[Site "Ustron"]
[Date "2024.08.16"]
[Round "8"]
[White "Zielonka, Adam"]
[Black "Mickiewicz, Piotr"]
[Result "1-0"]
[WhiteElo "2253"]
[BlackElo "2217"]
[PlyCount "87"]
[EventDate "2024.08.09"]
[EventType "swiss"]
[EventRounds "9"]
[EventCountry "POL"]
[SourceTitle "EXT 2025"]
[Source "ChessBase"]
[SourceDate "2024.10.14"]
[SourceVersion "1"]
[SourceVersionDate "2024.10.14"]
[SourceQuality "1"]

1. e4 c6 2. Nf3 d5 3. Nc3 dxe4 4. Nxe4 Nf6 5. Qe2 Bg4 6. Nxf6+ gxf6 7. g3 Nd7 8. d4 Nb6 9. c3 Qd7 10. Bg2 0-0-0 11. 0-0 h5 12. h4 Bh3 13. c4 Rg8 14. a4 Bxg2 15. Kxg2 Qg4 16. a5 Nd7 17. a6 b6 18. Re1 e5 19. d5 Bb4 20. Bd2 Bxd2 21. Qxd2 Nc5 22. Qe3 Qxc4 23. dxc6 Rd3 24. Qe2 Qd5 25. Rad1 e4 26. Nh2 e3+ 27. f3 f5 28. b4 Rd2 29. Rxd2 exd2 30. Rd1 Nb3 31. Qe7 Qxc6 32. Qxf7 Qg6 33. Qb7+ Kd8 34. Qb8+ Kd7 35. Qxa7+ Kc6 36. Qb7+ Kb5 37. Qd5+ Kxb4 38. Nf1 f4 39. a7 Qe8 40. Kg1 Qa8 41. Qd6+ Kc3 42. Qxf4 Qd5 43. Qf6+ Kb4 44. Qxb6+ 1-0

[Event "Ustron op-A"]
[Site "Ustron"]
[Date "2024.08.15"]
[Round "7"]
[White "Mickiewicz, Piotr"]
[Black "Meers, Hubert"]
[Result "1-0"]
[WhiteElo "2217"]
[BlackElo "2195"]
[PlyCount "61"]
[EventDate "2024.08.09"]
[EventType "swiss"]
[EventRounds "9"]
[EventCountry "POL"]
[SourceTitle "EXT 2025"]
[Source "ChessBase"]
[SourceDate "2024.10.14"]
[SourceVersion "1"]
[SourceVersionDate "2024.10.14"]
[SourceQuality "1"]

1. c4 Nf6 2. Nf3 e6 3. b3 d5 4. Bb2 c5 5. cxd5 exd5 6. d4 Nc6 7. e3 Ne4 8. a3 Bg4 9. Be2 cxd4 10. Nxd4 Qa5+ 11. Nd2 Nxd4 12. Bxd4 Bxe2 13. Qxe2 Bxa3 14. 0-0 Nxd2 15. Rxa3 Qxa3 16. Qb5+ Kd8 17. Qxd5+ Ke8 18. Qb5+ Kd8 19. Qd5+ Ke8 20. Qxb7 Nxf1 21. Qc6+ Kd8 22. Bxg7 Re8 23. Bf6+ Re7 24. Qxa8+ Kc7 25. Bxe7 Qa1 26. Qd8+ Kb7 27. Qd7+ Kb6 28. Bd8+ Kc5 29. Qd4+ Qxd4 30. exd4+ Kxd4 31. Bf6+ 1-0

[Event "Ustron op-A"]
[Site "Ustron"]
[Date "2024.08.14"]
[Round "6"]
[White "Panek, Bartosz"]
[Black "Mickiewicz, Piotr"]
[Result "0-1"]
[WhiteElo "2207"]
[BlackElo "2217"]
[PlyCount "100"]
[EventDate "2024.08.09"]
[EventType "swiss"]
[EventRounds "9"]
[EventCountry "POL"]
[SourceTitle "EXT 2025"]
[Source "ChessBase"]
[SourceDate "2024.10.14"]
[SourceVersion "1"]
[SourceVersionDate "2024.10.14"]
[SourceQuality "1"]

1. e4 c5 2. Nf3 e6 3. c3 d5 4. e5 d4 5. b4 cxb4 6. a3 bxc3 7. dxc3 dxc3 8. Qc2 Bd7 9. Nxc3 Bc6 10. Ne4 Nd7 11. Bd3 Rc8 12. Qe2 Nc5 13. Nxc5 Bxc5 14. 0-0 Ne7 15. Rd1 Qc7 16. Bb2 Ng6 17. g3 0-0 18. Rac1 Qe7 19. h4 Bxa3 20. Bxa3 Qxa3 21. Ra1 Qc5 22. Re1 Qd5 23. Be4 Qxe4 24. Qxe4 Bxe4 25. Rxe4 a6 26. Rb4 Rc7 27. Rb6 Rd8 28. Rab1 Rdd7 29. Kg2 h6 30. R1b2 Ne7 31. Nd2 Nc8 32. R6b3 b5 33. Ra2 Rc6 34. Ne4 Rd4 35. Kf3 Rcc4 36. Nd2 Ra4 37. Rc2 Ne7 38. h5 g5 39. Rc7 g4+ 40. Ke2 Nd5 41. Rc8+ Kg7 42. Rb2 Nb6 43. Rb8 Nc4 44. Nxc4 Rdxc4 45. f4 gxf3+ 46. Kxf3 Rc3+ 47. Kf2 Raa3 48. Rd2 Rf3+ 49. Ke2 Rxg3 50. Rdd8 Rge3+ 0-1

[Event "Ustron op-A"]
[Site "Ustron"]
[Date "2024.08.10"]
[Round "2"]
[White "Mickiewicz, Piotr"]
[Black "Demski, Michal"]
[Result "1-0"]
[WhiteElo "2217"]
[BlackElo "2122"]
[PlyCount "85"]
[EventDate "2024.08.09"]
[EventType "swiss"]
[EventRounds "9"]
[EventCountry "POL"]
[SourceTitle "EXT 2025"]
[Source "ChessBase"]
[SourceDate "2024.10.14"]
[SourceVersion "1"]
[SourceVersionDate "2024.10.14"]
[SourceQuality "1"]

1. c4 Nf6 2. Nf3 e6 3. g3 b6 4. Bg2 Bb7 5. b3 Be7 6. 0-0 0-0 7. Bb2 c5 8. e3 d5 9. Qe2 Nc6 10. Nc3 d4 11. exd4 Nxd4 12. Nxd4 Bxg2 13. Kxg2 Qxd4 14. Rad1 Rfd8 15. d3 Qd7 16. Ne4 Qc6 17. Kg1 Rd7 18. Nxf6+ Bxf6 19. Bxf6 gxf6 20. d4 Rad8 21. dxc5 Qxc5 22. Rxd7 Rxd7 23. Rd1 Rd4 24. Rxd4 Qxd4 25. Kg2 f5 26. Qe3 Qb2 27. a4 Qc2 28. Qg5+ Kf8 29. Qd8+ Kg7 30. Qd4+ Kg8 31. Qe3 Kf8 32. h4 Qe4+ 33. Qxe4 fxe4 34. g4 Ke7 35. Kg3 e5 36. g5 Ke6 37. b4 a5 38. bxa5 bxa5 39. Kg4 Kd6 40. Kf5 Kc5 41. Kf6 Kb4 42. Kxf7 Kxa4 43. h5 1-0

[Event "Warsaw Najdorf Memorial op-A"]
[Site "Warsaw"]
[Date "2024.07.16"]
[Round "8"]
[White "Patil, Harshal"]
[Black "Mickiewicz, Piotr"]
[Result "1-0"]
[WhiteElo "2083"]
[BlackElo "2257"]
[PlyCount "59"]
[EventDate "2024.07.09"]
[EventType "swiss"]
[EventRounds "9"]
[EventCountry "POL"]
[SourceTitle "EXT 2025"]
[Source "ChessBase"]
[SourceDate "2024.10.14"]
[SourceVersion "1"]
[SourceVersionDate "2024.10.14"]
[SourceQuality "1"]

1. Nf3 Nf6 2. g3 g6 3. Bg2 Bg7 4. 0-0 0-0 5. d4 d6 6. c4 Nc6 7. Nc3 Bf5 8. d5 Na5 9. b3 Ne4 10. Nxe4 Bxa1 11. Nd4 c5 12. Nxf5 gxf5 13. Ng5 Bf6 14. e4 h6 15. Nh3 Kg7 16. Nf4 Be5 17. Bh3 Rh8 18. Bxf5 Kf8 19. Qh5 Bg7 20. Kg2 a6 21. Qg4 b5 22. Nh5 Bd4 23. Be3 Ke8 24. Bxd4 cxd4 25. Qg7 Rf8 26. e5 dxe5 27. Re1 Qd6 28. Rxe5 e6 29. dxe6 Kd8 30. Rd5 1-0

[Event "Warsaw Najdorf Memorial op-A"]
[Site "Warsaw"]
[Date "2024.07.14"]
[Round "6"]
[White "Rozycki, Bartlomiej"]
[Black "Mickiewicz, Piotr"]
[Result "1-0"]
[WhiteElo "2099"]
[BlackElo "2257"]
[PlyCount "118"]
[EventDate "2024.07.09"]
[EventType "swiss"]
[EventRounds "9"]
[EventCountry "POL"]
[SourceTitle "EXT 2025"]
[Source "ChessBase"]
[SourceDate "2024.10.14"]
[SourceVersion "1"]
[SourceVersionDate "2024.10.14"]
[SourceQuality "1"]

1. d4 Nf6 2. c4 e6 3. Nf3 c5 4. d5 exd5 5. cxd5 d6 6. Nc3 g6 7. Bf4 a6 8. a4 Bg7 9. h3 0-0 10. e3 Qe7 11. Nd2 Nbd7 12. Nc4 Ne8 13. Be2 Ne5 14. Bxe5 Bxe5 15. Nxe5 Qxe5 16. a5 f5 17. 0-0 Nf6 18. Ra3 g5 19. Qd3 f4 20. exf4 gxf4 21. Qf3 Bf5 22. Ra4 Rae8 23. Rxf4 Nh5 24. Rh4 Bg6 25. Rxh5 Qxe2 26. Qxe2 Rxe2 27. Nxe2 Bxh5 28. g4 Re8 29. Nc3 Bg6 30. f3 b5 31. axb6 Rb8 32. Rf2 Rxb6 33. Rd2 Rb4 34. Kf2 a5 35. Ke3 a4 36. f4 a3 37. f5 axb2 38. fxg6 Rb3 39. gxh7+ Kxh7 40. Ke4 Rxc3 41. Rxb2 Kg6 42. Rb6 Rc4+ 43. Ke3 Kf6 44. Rxd6+ Ke5 45. Rh6 Rc3+ 46. Kd2 Rg3 47. d6 c4 48. g5 Rxg5 49. d7 Rg8 50. h4 Rd8 51. Rh7 Kd4 52. Rg7 Ra8 53. h5 c3+ 54. Kc2 Ra2+ 55. Kb1 Ra8 56. Rg6 Ke5 57. Kc2 Rd8 58. Rg7 Kd6 59. h6 Kd5 1-0